Testimonio en la muerte de Manuel Gómez Morín /

Compilación de oraciones fúnebres, homenajes y textos de editoriales y artículos expresados o escritos con motivo del fallecimiento de Manuel Gómez Morín, el 19 de abril de 1972. Incluye una larga semblanza y el homenaje que el Partido Acción Nacional le rindiera.

Պահպանված է:
Մատենագիտական մանրամասներ
Ձևաչափ: Գիրք
Լեզու:իսպաներեն
Հրապարակվել է: México : Jus, 1973, c1973
Խորագրեր:
Ցուցիչներ: Ավելացրեք ցուցիչ
Չկան պիտակներ, Եղեք առաջինը, ով նշում է այս գրառումը!

MARC

LEADER 00000nam^a2200000^a^4500
001 000573730
005 20250521000000.0
009 20260310132335.09
037 |a Acervo ITESO - Biblioteca 
041 |a ESP 
082 |a 320. 97206  |b TES 
240 1 1 |a [Testimonio en la muerte de Manuel Gómez Morín] 
245 0 0 |a Testimonio en la muerte de Manuel Gómez Morín / 
264 4 |a México :  |b Jus,  |c 1973, c1973 
300 |a 140 p., [8 láminas] 
336 |a texto  |b txt  |2 rdacontenido 
337 |a sin mediación  |b n  |2 rdamedio 
338 |a volumen  |b nc  |2 rdasoporte 
520 |a Compilación de oraciones fúnebres, homenajes y textos de editoriales y artículos expresados o escritos con motivo del fallecimiento de Manuel Gómez Morín, el 19 de abril de 1972. Incluye una larga semblanza y el homenaje que el Partido Acción Nacional le rindiera. 
561 |a Ex libris de Ignacio González Luna 
649 |a XX 
650 |a Políticos Mexicanos -  |x Homenajes 
650 |a Abogados Mexicanos -  |x Homenajes 
650 |a Intelectuales Mexicanos -  |x Homenajes 
650 |a Rectores Mexicanos -  |x Homenajes 
650 |a Partido Acción Nacional -  |z México -  |x Historia 
650 |a Partidos Políticos -  |z México -  |x Historia 
650 |a Discursos Funerarios (Oratoria) -  |z México 
650 |a Discursos Mexicanos (Oratoria) 
650 |a Artículos Periodísticos Mexicanos 
650 |a Reforma Política -  |z México -  |x Historia 
650 |a Política Fiscal -  |z México 
650 |a Política Educativa -  |z México 
650 |a Humanismo -  |z México -  |x Historia 
650 |a Cristianismo y Política -  |z México -  |x Historia -  |y Siglo XX 
650 |a Filosofía Política 
650 |a Política -  |z México -  |x Historia -  |y 1910-1946 -  |x Tema Principal 
650 |a Política -  |z México -  |x Historia -  |y Siglo XX 
650 |a México -  |x Historia -  |y 1910-1946 
650 |a México -  |x Historia -  |y Siglo XX 
650 |a Gómez Morín, Manuel -  |x Tema Principal 
910 |a Fondo Ignacio González Luna Morfín 
920 |a Impresos - Libros 
930 |a Fondos Especiales 
905 |a 136 
901 |a 0500402648  |b IT2  |c ESP  |i D74864  |u 20250521 
902 |a https://opac.biblio.iteso.mx/vufind/Record/000573730